Statistics for Political Parties in the UK

Click here to take the quiz!

General Stats

  • This quiz has been taken 1,525 times
    (1,524 since last reset)
  • The average score is 9 of 14

Answers on the Map

Answers color-coded by a green-red scale on the quiz's map according to % correct below.
 

Answer Stats

Answer% Correct
Conservative
99%
Labour
99%
Green
94%
Liberal Democrat
90%
Scottish National Party
90%
Sinn Féin
76%
Plaid Cymru
69%
Democratic Unionist Party
68%
Ulster Unionist Party
42%
Alliance
37%
Social Democratic and Labour Party
36%
Alba
24%
Traditional Unionist Voice
20%
People Before Profit
17%

Score Distribution

Percentile by Number Answered

Percent of People with Each Score

Your Score History

You have not taken this quiz since the last reset